| 000 | 00960nam a2200229Ii 4500 | ||
|---|---|---|---|
| 003 | JO-AjNU | ||
| 008 | 230605s9999||||xx |||||||||||||| ||und|| | ||
| 017 | _a2021/1/479 | ||
| 020 | _a978-9923-70-255-0 | ||
| 040 |
_aJO-AjNU _bara _erda _cJO-AjNU |
||
| 041 | _aara | ||
| 050 | 1 | 4 | _aPJ7552 2021 |
| 100 | 3 |
_aالروسان، عبد ربه سالم, _eauthor _961346 |
|
| 245 | 0 | 0 | _aالرمز والخيال في شعر العصر الاسلامي: عصر صدر الاسلام والعصر الاموي = Symbol and Imagination in Poetry of the Islamic Era: The Era of Islam and the Umayyad Period |
| 250 | _aط1 | ||
| 264 | 3 | 1 | _aعمان: دار شهرزاد للنشر والتوزيع، 2021 |
| 300 | _a237ص | ||
| 336 |
_atext _btxt _2rdacontent |
||
| 337 |
_aunmediated _bn _2rdamedia |
||
| 338 |
_avolume _bnc _2rdacarrier |
||
| 650 | 4 |
_aالشعر العربي-الدراسات الادبية-العصر الاموي-الادب العربي _961347 |
|
| 999 |
_aA27725 _c31293 _d31293 |
||